• 首页
  • 本馆介绍
  • 公告通知
  • 最新文献
  • 馆藏检索
  • 电子资源
  • 读者导购
  • 参考咨询
  • 我的图书馆
  • 登录
  • 详细信息显示
  • 放入我的书架
  • 预约/预借图书
  • 作者相关作品
  • 分类相关作品
  • 丛书相关作品
  • 出版社相关作品

书目信息

  • 表格格式
  • 工作单格式
  • 卡片格式
题名:
全国会计专业技术资格考试中级会计实务必刷550题
    
 
作者: 中华会计网校 编
分册:  
出版信息: 上海   上海交通大学出版社  2020
页数: 257页
开本: 26cm
丛书名:
单 册:
中图分类: F233-44
科图分类:
主题词: 会计实务--hui ji shi wu--资格考试--习题集
电子资源:
ISBN: 978-7-313-23542-8
000 01273nam0 2200229 450
001 2158044647
005 20211011172911.0
010    @a978-7-313-23542-8@dCNY49.00
100    @a20200728d2020 em y0chiy0110 ea
101 0  @achi
102    @aCN@b310000
105    @ay z 000yy
106    @ar
200 1  @a全国会计专业技术资格考试中级会计实务必刷550题@Aquan guo hui ji zhuan ye ji shu zi ge kao shi zhong ji hui ji shi wu bi shua 550ti@f中华会计网校编
210    @a上海@c上海交通大学出版社@d2020
215    @a257页@d26cm
330    @a本书属于全国会计专业技术资格考试中级会计资格“梦想成真”系列辅导丛书。是2020年度全国会计专业技术资格考试“中级会计实务”科目的辅导用书,主要内容有:长期股权投资、金融资产和金融负债、收入、财务报告、资产负债表日后事项等。本书以题型为单位,将各类题型逐一进行编排,题型内按章列示,每个题型、每章中的题目,根据难易程度及题源,划分为基础、进阶、真题、易错、通关五阶。本书旨在通过科学刷题,助考生高效通关。本书作为全国会计专业技术资格考试“中级会计实务”科目的配套辅导用书,不仅是考生应试的必备手册,更是解答疑难问题的随身老师。
606 0  @a会计实务@Ahui ji shi wu@x资格考试@j习题集
690    @aF233-44@v5
701  0 @a中华会计网校@Azhong hua hui ji wang jiao@4编
801  0 @aCN@b百万庄@c20211007
905    @b1307181-84@dF233-44@e760@f4
    
    全国会计专业技术资格考试中级会计实务必刷550题/中华会计网校编.-上海:上海交通大学出版社,2020
    257页;26cm
    
    
    ISBN 978-7-313-23542-8:CNY49.00
    本书属于全国会计专业技术资格考试中级会计资格“梦想成真”系列辅导丛书。是2020年度全国会计专业技术资格考试“中级会计实务”科目的辅导用书,主要内容有:长期股权投资、金融资产和金融负债、收入、财务报告、资产负债表日后事项等。本书以题型为单位,将各类题型逐一进行编排,题型内按章列示,每个题型、每章中的题目,根据难易程度及题源,划分为基础、进阶、真题、易错、通关五阶。本书旨在通过科学刷题,助考生高效通关。本书作为全国会计专业技术资格考试“中级会计实务”科目的配套辅导用书,不仅是考生应试的必备手册,更是解答疑难问题的随身老师。
●
相关链接 在E读中查询图书 在五车中查询图书 在当当中查询图书 在豆瓣中查询图书


正题名:全国会计专业技术资格考试中级会计实务必刷550题     索取号:F233-44/760         预约/预借

序号 登录号 条形码 馆藏地/架位号 状态 备注
1 1307181   213071815   第一样本阅览室/ [索取号:F233-44/760] 在馆    
2 1307182   213071824   第一借阅区/ [索取号:F233-44/760] 在馆    
3 1307183   213071833   第一借阅区/ [索取号:F233-44/760] 在馆    
4 1307184   213071842   第一借阅区/ [索取号:F233-44/760] 在馆    
唐山师范学院图书馆 欢迎您!
大连网信软件有限公司© 版权所有